01081nam a2200301Ia 4500008004100000020001500041020001400056020001800070020001800088040001800106041000800124100002400132245006000156260006100216300002100277504004100298650006100339650004300400650004400443650002900487650002800516650002300544650004900567650002800616650001700644651004000661856007800701130821s2007 enk gr eng  a052187937X a521704952 a9780521704953 a9780521879378 aCo-BoUCMbspa00aeng1 aArthur, Johnd1946-10aRace, equality, and the burdens of historycJohn Arthur aCambridge (Inglaterra)bCambridge University Pressc2007 ax, 330 páginas aIncluye referencias bibliográficas04aAfroamericanosxCondiciones económicaszEstados Unidos04aDerechos de los negroszEstados Unidos04aDiscriminación racialzEstados Unidos04aIgualdadzEstados Unidos04aPobrezazEstados Unidos04aProblemas sociales04aProblemas socialesxHistoriazEstados Unidos04aRacismozEstados Unidos04aSociología 7aEstados UnidosxRelaciones raciales413Tabla de contenidouhttp://www.loc.gov/catdir/toc/ecip078/2007000595.html